Регионална библиотека "Любен Каравелов" - Русе

Нашата интелигенция и народний поминък (Запис номер 402060)

MARC детайли
000 -Лидер
Контролно поле с фиксирана дължина nam a22 a 4500
003 - Код на организацията, давaща контролен номер
Контролно поле BLK
005 - Дата и час на последна редакция
Контролно поле 20210323141741.0
008 - Елементи от данни с фиксирана дължина
fixed length control field 210323b bu |||||r|||| 00| | bu d
040 ## - Източник на каталожния запис
Идентификатор на билиотеката - собственик на записа BLK
041 ## - Код за език
Код за езика на текст/звукозапис или на отделно заглавие Български
Код за езика КДБФ Български
080 ## - УДК
Текстов определител УДК Вътрешна политика. Вж и 329
УДК код - определител по УДК 323
УДК определител (497.2)
УДК - код + определител 323(497.2)
100 ## - Редна дума - Автор
R(LIN) 444065
Автор Неизцеримий
139 ## - Редно поле
Редна дума Неизцеримий
245 ## - Сведения за заглавието
Заглавие Нашата интелигенция и народний поминък
Редно поле (дума) Неизцеримий
260 ## - Област на издателските данни
Място на издаване, разпространение и проч. София
Година на издаване 1898
Печатница София : Ив. Г. Игнатов и сие
300 ## - Физическа характеристика
Страници 42 с.
Размери/Мащаб 19,5 см
380 ## - Жанр
Жанр Обществени науки
490 ## - СЕРИИ (Колекции)
9 (RLIN) 435080
Име на серия Колекция Редки и ценни издания
500 ## - Общи забележки
Забележка Отпеч. от в. Бюлетин, бр. 61-64<br/>
650 #0 - Допълнително описание по предмет – тема
9 (RLIN) 263000
Основно описание – тема или топоним Интелигенция - България
852 ## - Местоположение
Форматна сигнатура Рб 898
Фондова буква Редки и ценни
999 ## - СИСТЕМНИ КОНТРОЛНИ НОМЕРА
Koha biblionumber 402060
Koha biblioitemnumber 402060
942 ## - АРТИКУЛИ
Вид на библиотечния материал Книги
Скрит в OPAC Не
Периодичен библиозапис Да
944 ## - СЪЗДАВАНЕ И РЕДАКЦИЯ на ЗАПИСА
Създаване/Редакция Създаване
Дата на регистрацията/редакция 2021-03-23
Служител, извършил регистрацията/редакцията ВЙ
999 ## - СИСТЕМНИ КОНТРОЛНИ НОМЕРА
Koha biblioitemnumber 402060
Наличности
Код за отписване Код за изгубен артикул Източник на класификационната схема Код за повреда Коз за рестрикции Код за отдаване Артикулен № Име на библиотеката - собственик Име на библиотеката, в която се намира в момента Статус (Текущо местоположение) Дата на вписване в системата Местоположение - отдел Цена в лева Инвентарен номер Систематично азбучна сигнатура Баркод Цена в евро Служебен тип на артикула
  Не е изгубен Universal Decimal Classification Не е повреден само за читалня Специални фондове ( старопечатни, редки и ценни, фонд М. Арнаудов) 853121 Регионална библиотека "Любен Каравелов" Русе Регионална библиотека "Любен Каравелов" Русе Редки и ценни 2021-09-20 Редки и ценни 0.08 9961/58 Рб 898 900000042325 0.04 Книги
Vip Innovations Ltd, Rousse, Bulgaria 2025